Money in the international economy
Uloženo v:
| Hlavní autor: | |
|---|---|
| Médium: | Kniha |
| Jazyk: | angličtina |
| Vydáno: |
Londres
Institute of Economic Affairs
1965
|
| Témata: | |
| Tagy: |
Přidat tag
Žádné tagy, Buďte první, kdo vytvoří štítek k tomuto záznamu!
|
MARC
| LEADER | 00000nam a2200000 a 4500 | ||
|---|---|---|---|
| 001 | UCR7786 | ||
| 003 | CL-VaPUC | ||
| 008 | 980519e19650000UK |||||||||||||||||eng|d | ||
| 082 | 0 | 4 | |a 337 |b HAB |2 21 |
| 100 | |a Haberler, Gottfried |e author |9 618216 | ||
| 245 | 1 | 0 | |a Money in the international economy |
| 300 | |a 52 p | ||
| 942 | |c BK | ||
| 945 | |d 19980519 00:00:00 |a crobeson | ||
| 260 | |a Londres |b Institute of Economic Affairs |c 1965 | ||
| 650 | 0 | |a Economía internacional |9 258254 | |
| 650 | 0 | |a Dinero |9 314331 | |
| 650 | 7 | |a SISTEMAS MONETARIOS |2 CL-VaPUC |9 342366 | |
| 650 | 0 | |a Economía |9 255568 | |
| 650 | 0 | |a Relaciones Internacionales |9 255740 | |
| 583 | |a last modification |c 19980519 00:00:00 |k Rodrigo Vera | ||
| 999 | |c 269369 |d 269367 | ||